000 00532nam a2200217Ia 4500
003 0100
008 130303s9999 xx 000 0 und d
040 _cARRUPELIB
050 _aLC493.L33 1989
100 _aLaCroix, W. L
245 4 _aThe Jesuit spirit of Education
245 _bIgnatius, tradition and today's questions
260 _aKansas City
260 _bRockhurst College
260 _C1989
300 _a93p.
300 _b 22cm.
650 _bWittgenstein, Ludwig
700 _aW. L. LaCroix
942 0 0 _02
999 _c21264
_d21264